00727 a2200169 4500003000500000005001700005020001800022040000900040082001600049100001500065245005600080260002900136300001800165505032900183650002200512650002300534Nust20221031152429.0 a81-87972-06-8 cNust00a621.317,JAI1 aJain, Alok14aPower electronics and its applications /cAlok Jain aNew DelhibPenramcc2002 axii, 357 p. : aReview (Page-1), Power Semi Conduction Device (Page-22), Firing Commutating and Protecting Circuits (Page-83), Uncontrolled Rectifiers (Page-124), Controlled Rectifiers (Page-163), Inverters (Page-213), Choppers (Page-252), AC Voltage Controllers and Cycloconverters (Page-291), Applications of Power Electronics (Page-327). 0apower electronics 0aPower electronics.